Mahavir prasad dvivedi aur unka yug (Record no. 148633)

MARC details
000 -LEADER
fixed length control field 00772nam a2200253Ia 4500
003 - CONTROL NUMBER IDENTIFIER
control field OSt
005 - DATE AND TIME OF LATEST TRANSACTION
control field 20260309161711.0
008 - FIXED-LENGTH DATA ELEMENTS--GENERAL INFORMATION
fixed length control field 210210b1950 xxu||||| |||| 00| 0 eng d
040 ## - CATALOGING SOURCE
Transcribing agency AL
041 ## - LANGUAGE CODE
Language code of text/sound track or separate title Hindi
082 ## - DEWEY DECIMAL CLASSIFICATION NUMBER
Classification number 864/131
100 ## - MAIN ENTRY--PERSONAL NAME
Personal name SINHA (Udayabhanu)
Dates associated with a name सिन्हा (उदयभानु)
9 (RLIN) 258345
245 ## - TITLE STATEMENT
Title Mahavir prasad dvivedi aur unka yug
Remainder of title महावीर प्रसाद द्विवेदी और उनका युग
260 ## - PUBLICATION, DISTRIBUTION, ETC.
Place of publication, distribution, etc. Lakhnav
Name of publisher, distributor, etc. Laknav Vishvvidyalay
Date of publication, distribution, etc. 1950
650 ## - SUBJECT ADDED ENTRY--TOPICAL TERM
Topical term or geographic name entry element yug
9 (RLIN) 258346
650 ## - SUBJECT ADDED ENTRY--TOPICAL TERM
Topical term or geographic name entry element unka
9 (RLIN) 258347
650 ## - SUBJECT ADDED ENTRY--TOPICAL TERM
Topical term or geographic name entry element prasad
9 (RLIN) 258348
650 ## - SUBJECT ADDED ENTRY--TOPICAL TERM
Topical term or geographic name entry element MahAvir
9 (RLIN) 258349
650 ## - SUBJECT ADDED ENTRY--TOPICAL TERM
Topical term or geographic name entry element dvivedi
9 (RLIN) 258350
650 ## - SUBJECT ADDED ENTRY--TOPICAL TERM
Topical term or geographic name entry element aur
9 (RLIN) 258351
690 ## - LOCAL SUBJECT ADDED ENTRY--TOPICAL TERM (OCLC, RLIN)
Topical term or geographic name as entry element Hindi Criticism
9 (RLIN) 258352
906 ## - LOCAL DATA ELEMENT F, LDF (RLIN)
a 023667
942 ## - ADDED ENTRY ELEMENTS (KOHA)
Source of classification or shelving scheme Dewey Decimal Classification
Koha item type Book
Holdings
Withdrawn status Lost status Source of classification or shelving scheme Damaged status Not for loan Collection code Home library Current library Shelving location Date acquired Cost, normal purchase price Total Checkouts Full call number Barcode Date last seen Price effective from Koha item type
    Dewey Decimal Classification     Hindi St Aloysius Library St Aloysius Library   02/17/2021 0.00   864/131 023667 02/17/2021 02/17/2021 Book